| 000 | 00628nam a22002297a 4500 | ||
|---|---|---|---|
| 001 | 000206 | ||
| 003 | DO-SdBNP | ||
| 005 | 20180302091740.0 | ||
| 007 | 000206 | ||
| 008 | 151210b 1971 xxu a 00| 0 spa d | ||
| 040 |
_aBPMSU _bspa _cBPMSU |
||
| 041 | 1 | 7 |
_aspa _beng |
| 092 |
_axxxx _bxxxx |
||
| 245 | 0 | 3 |
_aEl toro pinto and other songs in spanish / _cselected and illustrated by Anne Rockwell |
| 260 |
_aNew York ; _bMacmillan company, _c1977. |
||
| 300 |
_a52 p.; _bil. _c26 cm. |
||
| 700 | 1 | 2 |
_aRockwell, Anne _eil. |
| 910 | _a00144 | ||
| 942 |
_2ddc _cBK |
||
| 945 | _ainventariado, 2018 / dg | ||
| 956 |
_aYngrid Lockward _b10 |
||
| 999 |
_c9404 _d9404 |
||